Il pensiero storico classico

Guardat en:
Dades bibliogràfiques
Autor principal: Mazzarino, Santo (autor)
Format: Llibre
Idioma:italià
Publicat: Roma Laterza 1983
Col·lecció:Biblioteca Univerzale Laterza, 91, 92, 93
Matèries:
Etiquetes: Afegir etiqueta
Sense etiquetes, Sigues el primer a etiquetar aquest registre!

MARC

LEADER 00000nam a2200000 a 4500
001 UCP9707
003 CL-VaPUC
008 000331e19830000IT |||||||||||||||||ita|d
082 0 4 |a 938.0072  |b MAZ  |2 21 
100 |a Mazzarino, Santo  |e autor  |9 592438 
245 1 3 |a Il pensiero storico classico 
300 |a 3 v 
942 |c BK 
945 |d 20000331 00:00:00  |a rherrera 
260 |a Roma  |b Laterza  |c 1983 
650 0 |a Historia antigua  |9 267521 
650 0 |a Historiografía   |9 257871 
651 0 |a Grecia  |9 265314 
583 |a last modification  |c 20000331 00:00:00  |k Rodrigo Vera 
490 0 |a Biblioteca Univerzale Laterza, 91, 92, 93 
999 |c 286494  |d 286492 
952 |0 0  |1 0  |4 0  |6 938_007200000000000_MAZ_1983  |7 0  |8 A  |9 332465  |a BIBHIS  |b BIBHIS  |d 2019-11-20  |h v.1  |i 1261002  |o 938.0072 MAZ 1983  |p 1261002  |r 2025-01-20  |w 2019-11-20  |y BK  |k HIS 
952 |0 0  |1 0  |4 0  |6 938_007200000000000_MAZ_1983  |7 0  |8 A  |9 332466  |a BIBHIS  |b BIBHIS  |d 2019-11-20  |h v.2  |i 1261010  |o 938.0072 MAZ 1983  |p 1261010  |r 2025-01-20  |w 2019-11-20  |y BK  |k HIS 
952 |0 0  |1 0  |4 0  |6 938_007200000000000_MAZ_1983  |7 0  |8 A  |9 332467  |a BIBHIS  |b BIBHIS  |d 2019-11-20  |h v.3  |i 1261029  |o 938.0072 MAZ 1983  |p 1261029  |r 2025-01-20  |w 2019-11-20  |y BK  |k HIS